[Event "EU-ch Seniors rap"]
[Site "Plovdiv"]
[Date "2013.03.20"]
[Round "5"]
[White "Bojarinov, Victor A"]
[Black "Zhelesny, Stanislav"]
[Result "1-0"]
[WhiteElo "2343"]
[BlackElo "2145"]
[PlyCount "97"]
[EventDate "2013.03.20"]
[EventType "swiss (rapid)"]
[EventRounds "9"]
[EventCountry "BUL"]
[SourceTitle "EXT 2014"]
[Source "ChessBase"]
[SourceDate "2013.11.20"]
[SourceVersion "1"]
[SourceVersionDate "2013.11.20"]
[SourceQuality "1"]

1. e4 c6 2. d4 d5 3. e5 Bf5 4. Nf3 e6 5. Be2 Bb4+ 6. c3 Ba5 7. 0-0 Ne7 8. a4 Bg6 9. Bg5 h6 10. Bc1 Nd7 11. Nh4 Bxb1 12. Rxb1 g5 13. Nf3 Ng6 14. Bd3 Ndf8 15. b4 Bc7 16. b5 Ne7 17. h4 g4 18. Nh2 h5 19. Bg5 Qd7 20. Re1 Bd8 21. a5 Rc8 22. a6 bxa6 23. bxa6 Neg6 24. Rb7 Rc7 25. Rb8 Rc8 26. Qb3 Bxg5 27. hxg5 Ne7 28. Rb1 Qd8 29. Rxc8 Nxc8 30. Qb7 Nd7 31. Qxc6 0-0 32. g6 Ndb6 33. gxf7+ Kxf7 34. Nf1 Qe7 35. Ng3 Rh8 36. Ne2 h4 37. Nf4 Rh6 38. g3 hxg3 39. fxg3 Qd7 40. Qb7 Qe7 41. Rf1 Kg7 42. Bb5 Kg8 43. Be2 Qg5 44. Qc6 Ne7 45. Qe8+ Kh7 46. Bd3+ Nf5 47. Qf7+ Kh8 48. Bxf5 Qxf5 49. Qxa7 1-0

[Event "EU-ch Seniors 13th"]
[Site "Plovdiv"]
[Date "2013.03.14"]
[Round "4"]
[White "Ermenkov, Evgenij"]
[Black "Bojarinov, Victor A"]
[Result "1-0"]
[WhiteElo "2423"]
[BlackElo "2343"]
[PlyCount "61"]
[EventDate "2013.03.11"]
[EventType "swiss"]
[EventRounds "9"]
[EventCountry "BUL"]
[SourceTitle "CBM 153 Extra"]
[Source "ChessBase"]
[SourceDate "2013.04.22"]
[SourceVersion "1"]
[SourceVersionDate "2013.04.22"]
[SourceQuality "1"]

1. e4 c6 2. d4 d5 3. Nd2 g6 4. c3 Bg7 5. Bd3 Nh6 6. Qe2 Na6 7. Ngf3 0-0 8. 0-0 Nc7 9. Re1 Re8 10. Nf1 f6 11. h3 Nf7 12. e5 Ne6 13. g4 fxe5 14. dxe5 Bh6 15. Bxh6 Nxh6 16. Qe3 Rf8 17. N1h2 Nf4 18. Bf1 Kg7 19. Nd4 g5 20. e6 Qd6 21. Nhf3 Rf6 22. Nxg5 Rg6 23. h4 Nxg4 24. Nf5+ Kf8 25. Qg3 Qc7 26. Qxg4 h6 27. Nxh6 Rxh6 28. Qf5+ Rf6 29. Nh7+ Kg7 30. Nxf6 exf6 31. Re3 1-0

[Event "EU-ch Seniors 13th"]
[Site "Plovdiv"]
[Date "2013.03.13"]
[Round "3"]
[White "Bojarinov, Victor A"]
[Black "Velikov, Petar"]
[Result "1/2-1/2"]
[WhiteElo "2343"]
[BlackElo "2417"]
[PlyCount "71"]
[EventDate "2013.03.11"]
[EventType "swiss"]
[EventRounds "9"]
[EventCountry "BUL"]
[SourceTitle "CBM 153 Extra"]
[Source "ChessBase"]
[SourceDate "2013.04.22"]
[SourceVersion "1"]
[SourceVersionDate "2013.04.22"]
[SourceQuality "1"]

1. e4 c5 2. Nf3 e6 3. d4 cxd4 4. Nxd4 a6 5. Nc3 Qc7 6. Be2 Nf6 7. 0-0 d6 8. f4 Nc6 9. Be3 Be7 10. Qe1 0-0 11. Kh1 Nxd4 12. Bxd4 b5 13. e5 Ne8 14. Bd3 Bb7 15. a4 b4 16. Ne4 Qd8 17. Rd1 dxe5 18. fxe5 Qxd4 19. Nf6+ Nxf6 20. Bxh7+ Nxh7 21. Rxd4 Bd5 22. Qe2 Rac8 23. Qxa6 Rxc2 24. Rxd5 exd5 25. Qb7 Bc5 26. Qxd5 Ng5 27. Qd1 Rc4 28. Qd5 Rc2 29. h3 Ne6 30. b3 Ra2 31. Qb7 Ra3 32. Qd5 Re8 33. Qb7 Rf8 34. Qd5 Re8 35. Qb7 Rf8 36. Qd5 1/2-1/2

[Event "Kstovo op"]
[Site "Kstovo"]
[Date "2012.09.10"]
[Round "3"]
[White "Gorozhanin, Mikhail"]
[Black "Bojarinov, Victor A"]
[Result "0-1"]
[WhiteElo "2252"]
[BlackElo "2319"]
[PlyCount "52"]
[EventDate "2012.09.08"]
[EventType "swiss"]
[EventRounds "9"]
[EventCountry "RUS"]
[SourceTitle "EXT 2013"]
[Source "ChessBase"]
[SourceDate "2012.11.22"]
[SourceVersion "1"]
[SourceVersionDate "2012.11.22"]
[SourceQuality "1"]

1. Nf3 Nf6 2. c4 b6 3. g3 c5 4. Bg2 Bb7 5. d4 cxd4 6. Qxd4 d6 7. 0-0 g6 8. Nc3 Bg7 9. Rd1 Nbd7 10. Bg5 0-0 11. Qh4 Rc8 12. b3 a6 13. Rac1 Rc5 14. Na4 Ra5 15. Nd4 Bxg2 16. Kxg2 h6 17. Bxf6 Nxf6 18. Nf3 Rh5 19. Qf4 b5 20. Nc3 Qd7 21. h4 bxc4 22. Qxc4 Rc8 23. Qxa6 Rhc5 24. b4 Rxc3 25. Rxc3 Rxc3 26. Qa5 Ne4 0-1

[Event "Nizhnij Novgorod Dubinin Memorial 19th"]
[Site "Nizhnij Novgorod"]
[Date "2012.01.??"]
[Round "4"]
[White "Bojarinov, Victor A"]
[Black "Karmanova, Marina"]
[Result "1/2-1/2"]
[WhiteElo "2331"]
[BlackElo "2030"]
[PlyCount "40"]
[EventDate "2012.01.??"]
[EventType "swiss"]
[EventRounds "9"]
[EventCountry "RUS"]
[SourceTitle "EXT 2015"]
[Source "ChessBase"]
[SourceDate "2014.11.20"]
[SourceVersion "1"]
[SourceVersionDate "2014.11.20"]
[SourceQuality "1"]

1. d4 d6 2. e4 g6 3. Nf3 Bg7 4. c3 Nc6 5. Bb5 Bd7 6. 0-0 a6 7. Ba4 e5 8. Bg5 Nf6 9. Re1 0-0 10. h3 h6 11. Bh4 Qe8 12. dxe5 Nxe5 13. Bb3 Be6 14. Bxe6 Nxf3+ 15. Qxf3 fxe6 16. Qe3 e5 17. Bxf6 Rxf6 18. c4 Qf7 19. b3 Rf8 20. Re2 Kh7 1/2-1/2

[Event "Nizhnij Novgorod Cup of Nadezhda"]
[Site "Nizhnij Novgorod"]
[Date "2011.08.08"]
[Round "?"]
[White "Markelova, Lubov"]
[Black "Bojarinov, Victor A"]
[Result "0-1"]
[WhiteElo "2074"]
[BlackElo "2323"]
[PlyCount "96"]
[EventDate "2011.08.08"]
[EventType "swiss"]
[EventRounds "8"]
[EventCountry "RUS"]
[SourceTitle "EXT 2022"]
[Source "ChessBase"]
[SourceDate "2021.10.06"]
[SourceVersion "1"]
[SourceVersionDate "2021.10.06"]
[SourceQuality "1"]

1. Nf3 Nf6 2. c4 a6 3. Nc3 b5 4. cxb5 axb5 5. Nxb5 c5 6. g3 Ra5 7. Nc3 d5 8. d4 cxd4 9. Nxd4 e5 10. Nb3 Ra7 11. Bg2 d4 12. Nb5 Bb7 13. 0-0 Bxg2 14. Nxa7 Bxf1 15. Kxf1 Qd7 16. Qc2 Qxa7 17. Qc8+ Ke7 18. Bd2 Nfd7 19. Rc1 Qa6 20. Bb4+ Kf6 21. Qxa6+ Nxa6 22. Bxf8 Nxf8 23. Rc6+ Ne6 24. Rxa6 Rc8 25. a4 Rb8 26. Nc5 Rxb2 27. Nxe6 fxe6 28. a5 Ra2 29. Ra8 e4 30. a6 Ke5 31. Ke1 d3 32. exd3 exd3 33. a7 Ke4 34. Kd1 e5 35. Ke1 g5 36. h4 g4 37. h5 h6 38. Kd1 Ra6 39. Kd2 Ra1 40. Kc3 Ra2 41. Kb3 d2 42. Rd8 Rxa7 43. Rxd2 Ra6 44. Kc4 Kf3 45. Kd5 e4 46. Rc2 Ra5+ 47. Ke6 Rxh5 48. Kf6 Rh2 0-1

[Event "Nizhnij Novgorod Cup of Nadezhda"]
[Site "Nizhnij Novgorod"]
[Date "2011.08.08"]
[Round "?"]
[White "Yatzenko, Anton"]
[Black "Bojarinov, Victor A"]
[Result "1/2-1/2"]
[WhiteElo "2365"]
[BlackElo "2323"]
[PlyCount "86"]
[EventDate "2011.08.08"]
[EventType "swiss"]
[EventRounds "8"]
[EventCountry "RUS"]
[SourceTitle "EXT 2022"]
[Source "ChessBase"]
[SourceDate "2021.10.06"]
[SourceVersion "1"]
[SourceVersionDate "2021.10.06"]
[SourceQuality "1"]

1. d4 Nf6 2. c4 e6 3. Nc3 Bb4 4. Nf3 0-0 5. Bg5 h6 6. Bh4 d5 7. e3 g5 8. Bg3 Ne4 9. Qc2 c5 10. a3 Qa5 11. Bd3 Bxc3+ 12. bxc3 Qxc3+ 13. Qxc3 Nxc3 14. Bd6 Rd8 15. Bxc5 Nc6 16. h4 g4 17. Ne5 Nxe5 18. dxe5 dxc4 19. Bxc4 Bd7 20. Bd4 Rac8 21. Bb3 Bb5 22. h5 Bc4 23. Bxc4 Rxc4 24. Rc1 Rdc8 25. Rh4 Nb5 26. Rxg4+ Kh7 27. Rxc4 Rxc4 28. Rf4 Kg8 29. Bb2 Rxf4 30. exf4 Nc7 31. Ke2 Nd5 32. Kd3 b5 33. Ke4 a5 34. g3 a4 35. Kd4 b4 36. Kc4 bxa3 37. Bxa3 f6 38. f5 Kf7 39. fxe6+ Kxe6 40. Bc1 fxe5 41. Bxh6 Nf6 42. Kb4 e4 43. Kxa4 Kf5 1/2-1/2

[Event "RUS-ch Seniors"]
[Site "Odintsovo"]
[Date "2011.04.27"]
[Round "9"]
[White "Bojarinov, Victor A"]
[Black "Babiy, Anatoly"]
[Result "1-0"]
[WhiteElo "2311"]
[BlackElo "2466"]
[PlyCount "47"]
[EventDate "2011.04.19"]
[EventType "swiss"]
[EventRounds "9"]
[EventCountry "RUS"]
[SourceTitle "CBM 142 Extra"]
[Source "ChessBase"]
[SourceDate "2011.06.27"]
[SourceVersion "1"]
[SourceVersionDate "2011.06.27"]
[SourceQuality "1"]

1. e4 c5 2. Nf3 e6 3. c3 d5 4. exd5 Qxd5 5. d4 Nf6 6. Be2 Nc6 7. 0-0 cxd4 8. cxd4 Be7 9. Nc3 Qd6 10. Bg5 0-0 11. Qd2 Rd8 12. Bf4 Qd7 13. Bb5 Qe8 14. Bc7 Rd7 15. Bg3 Qd8 16. Rfd1 Qb6 17. Qe1 Kf8 18. Bxc6 bxc6 19. Ne5 Rd8 20. Na4 Qb5 21. Nc5 Bd7 22. a4 Qb6 23. Nc4 Bxc5 24. Nxb6 1-0

[Event "RUS-ch Seniors"]
[Site "Lesnoj Gorodok"]
[Date "2009.10.10"]
[Round "8"]
[White "Zavjalov, Valery N"]
[Black "Bojarinov, Victor A"]
[Result "1/2-1/2"]
[WhiteElo "2030"]
[BlackElo "2272"]
[PlyCount "128"]
[EventDate "2009.10.03"]
[EventType "swiss"]
[EventRounds "9"]
[EventCountry "RUS"]
[SourceTitle "CBM 132 Extra"]
[Source "ChessBase"]
[SourceDate "2009.11.03"]
[SourceVersion "1"]
[SourceVersionDate "2009.11.03"]
[SourceQuality "1"]

1. d4 Nf6 2. Nf3 e6 3. Bf4 c5 4. e3 Qb6 5. Qc1 Nc6 6. c3 cxd4 7. exd4 d5 8. Nbd2 Bd7 9. Be2 Rc8 10. 0-0 h6 11. Rb1 Be7 12. Qd1 0-0 13. h3 Qa5 14. a3 b5 15. Bd3 Qb6 16. Qe2 a6 17. Bc2 a5 18. Qe3 b4 19. axb4 axb4 20. Bxh6 Ne4 21. Bf4 f5 22. c4 Nxd2 23. Qxd2 dxc4 24. d5 Nd8 25. Rfe1 Bf6 26. dxe6 Bxe6 27. Be5 b3 28. Bd1 Bxe5 29. Nxe5 Nf7 30. Ng6 Rfe8 31. Nf4 Ng5 32. Nxe6 Rxe6 33. Rxe6 Nxe6 34. Bf3 Rd8 35. Qc3 Qc5 36. Rc1 Nd4 37. Bh5 g6 38. Qg3 Qd6 39. Qxd6 Rxd6 40. Bd1 Nc6 41. Be2 Na5 42. Bxc4+ Nxc4 43. Rxc4 Rd2 44. Rb4 Rxb2 45. f4 Kg7 46. Kh2 Kh6 47. Rb5 Rb1 48. Kg3 Rb2 49. Kf3 Rb1 50. Kg3 Rb2 51. Rb7 g5 52. Rb6+ Kh5 53. fxg5 Kxg5 54. h4+ Kh5 55. Rf6 Rc2 56. Rxf5+ Kg6 57. Rg5+ Kh6 58. Rb5 b2 59. Kh3 Kg6 60. Rg5+ Kh6 61. Rb5 Kg6 62. g3 Kh6 63. h5 Rc5 64. Rxb2 Kxh5 1/2-1/2

[Event "RUS-ch Seniors"]
[Site "Lesnoj Gorodok"]
[Date "2009.10.07"]
[Round "5"]
[White "Bojarinov, Victor A"]
[Black "Zhukov, Vladimir"]
[Result "1-0"]
[WhiteElo "2272"]
[BlackElo "2204"]
[PlyCount "49"]
[EventDate "2009.10.03"]
[EventType "swiss"]
[EventRounds "9"]
[EventCountry "RUS"]
[SourceTitle "CBM 132 Extra"]
[Source "ChessBase"]
[SourceDate "2009.11.03"]
[SourceVersion "1"]
[SourceVersionDate "2009.11.03"]
[SourceQuality "1"]

1. d4 f5 2. e4 fxe4 3. f3 e3 4. Bxe3 Nf6 5. Nc3 e6 6. Bd3 b6 7. Nge2 Ba6 8. g4 Bxd3 9. Qxd3 Bb4 10. a3 Bxc3+ 11. Nxc3 0-0 12. 0-0-0 Nc6 13. h4 d5 14. h5 Na5 15. Bg5 c5 16. h6 g6 17. Qe2 Qd7 18. Rhe1 Rae8 19. dxc5 d4 20. cxb6 axb6 21. Qe5 Nc6 22. Qb5 Qc7 23. Bxf6 dxc3 24. Bxc3 Rxf3 25. Kb1 1-0

[Event "Nizhnij Novgorod Voroniatov Memor 6th"]
[Site "Nizhnij Novgorod"]
[Date "2009.05.??"]
[Round "1"]
[White "Bojarinov, Victor A"]
[Black "Pristalov, Evgeny"]
[Result "0-1"]
[WhiteElo "2319"]
[BlackElo "1916"]
[PlyCount "38"]
[EventDate "2009.05.03"]
[EventType "swiss"]
[EventRounds "8"]
[EventCountry "RUS"]
[SourceTitle "EXT 2022"]
[Source "ChessBase"]
[SourceDate "2021.10.06"]
[SourceVersion "1"]
[SourceVersionDate "2021.10.06"]
[SourceQuality "1"]

1. e4 Nf6 2. Nc3 d5 3. exd5 Nxd5 4. Bc4 c6 5. Qf3 e6 6. Nh3 Bd6 7. a3 0-0 8. d4 Nd7 9. Ne4 Be7 10. Bd3 N7f6 11. Nhg5 h6 12. h4 Nxe4 13. Bxe4 Nf6 14. Be3 Nd5 15. 0-0-0 Nxe3 16. fxe3 f5 17. Bd3 hxg5 18. hxg5 Bxg5 19. g4 Qxd4 0-1

[Event "Nizhnij Novgorod Voroniatov Memor 6th"]
[Site "Nizhnij Novgorod"]
[Date "2009.05.??"]
[Round "7"]
[White "Shilnikov, Igor S"]
[Black "Bojarinov, Victor A"]
[Result "0-1"]
[WhiteElo "1983"]
[BlackElo "2319"]
[PlyCount "36"]
[EventDate "2009.05.03"]
[EventType "swiss"]
[EventRounds "8"]
[EventCountry "RUS"]
[SourceTitle "EXT 2022"]
[Source "ChessBase"]
[SourceDate "2021.10.06"]
[SourceVersion "1"]
[SourceVersionDate "2021.10.06"]
[SourceQuality "1"]

1. d4 e5 2. dxe5 Nc6 3. e4 Nxe5 4. Nf3 Nxf3+ 5. Qxf3 Bc5 6. Bc4 Qf6 7. Qe2 Ne7 8. Nc3 0-0 9. 0-0 d6 10. Be3 Bxe3 11. Qxe3 Be6 12. Bd3 Nc6 13. Nb5 Rac8 14. c3 Ne5 15. Be2 Nc4 16. Qc1 d5 17. Bxc4 dxc4 18. Nd4 c5 0-1

[Event "Nizhnij Novgorod-ch 61st"]
[Site "Nizhnij Novgorod"]
[Date "2009.03.??"]
[Round "?"]
[White "Bojarinov, Victor A"]
[Black "Chunakov, Valery"]
[Result "1-0"]
[WhiteElo "2328"]
[BlackElo "1866"]
[PlyCount "60"]
[EventDate "2009.03.06"]
[EventType "swiss"]
[EventRounds "9"]
[EventCountry "RUS"]
[SourceTitle "EXT 2010"]
[Source "ChessBase"]
[SourceDate "2010.11.25"]
[SourceVersion "1"]
[SourceVersionDate "2010.11.25"]
[SourceQuality "1"]

1. e4 c5 2. Nf3 Nc6 3. d4 cxd4 4. Nxd4 d5 5. Bb5 dxe4 6. Nxc6 Qxd1+ 7. Kxd1 a6 8. Nd4+ axb5 9. Nxb5 Bg4+ 10. Ke1 0-0-0 11. N1c3 e5 12. h3 Bh5 13. g4 Bg6 14. Be3 Bb4 15. Ke2 f5 16. gxf5 Bh5+ 17. Kf1 Nf6 18. Rg1 g6 19. fxg6 hxg6 20. a3 Bxc3 21. Nxc3 Bf3 22. Bg5 Rd6 23. Re1 Rxh3 24. Bxf6 Rxf6 25. Nxe4 Bxe4 26. Rxe4 Rhf3 27. Rg2 R3f5 28. Ke2 g5 29. Reg4 Kd7 30. R4g3 Kd6 1-0